000 00340nam a2200145Ia 4500
008 191201s2012 xx 000 0 und d
082 _a658.3
_bAGS
100 _aAGARWAL, Tanuja
245 0 _aStrategic Human Resource Management
250 _aRep
260 _aN. Delhi
_bOxford
_c2012
300 _a801
650 _aBBA
942 _2ddc
_cBK
999 _c5676
_d5676